Trích ly Bromelin từ dịch trái khóm bằng phương pháp hấp thụ lên Kaolin

Nội dung đề tài trích ly Bromelin từ dịch trái khóm bằng phương pháp hấp thụ lên Kaolin gồm 1 số hoá chất chính yếu như: Kaolin, thuốc thử casein, acid tricloro acetic..

Spremljeno u:
Bibliografski detalji
Glavni autor: Trần, Phước Đường
Format: Knjiga
Jezik:Undetermined
Izdano: Cần Thơ Trường Đại học Cần Thơ 1996
Teme:
Oznake: Dodaj oznaku
Bez oznaka, Budi prvi tko označuje ovaj zapis!
Thư viện lưu trữ: Trung tâm Học liệu Trường Đại học Cần Thơ
LEADER 00970nam a2200193Ia 4500
001 CTU_205287
008 210402s9999 xx 000 0 und d
082 |a 634.774 
082 |b Đ561 
100 |a Trần, Phước Đường 
245 0 |a Trích ly Bromelin từ dịch trái khóm bằng phương pháp hấp thụ lên Kaolin 
245 0 |c Trần Phước Đường (chủ trì đề tài) ; Lê Thanh Hùng (tham gia nghiên cứu) 
260 |a Cần Thơ 
260 |b Trường Đại học Cần Thơ 
260 |c 1996 
520 |a Nội dung đề tài trích ly Bromelin từ dịch trái khóm bằng phương pháp hấp thụ lên Kaolin gồm 1 số hoá chất chính yếu như: Kaolin, thuốc thử casein, acid tricloro acetic.. 
650 |a Kỹ thuật trồng khóm,Pineapple 
904 |i Qhieu 
980 |a Trung tâm Học liệu Trường Đại học Cần Thơ